Terepgyakorlatom helyszíne SOS Gyermekfalu, Bács-Kiskun megye, Kecskemét /

Elmentve itt :
Bibliográfiai részletek
Szerző: Széchenyi Zsombor
További közreműködők: Széchenyiné Forczek Anita
Dokumentumtípus: Cikk
Megjelent: Szegedi Tudományegyetem Juhász Gyula Pedagógusképző Kar Alkalmazott Egészségtudományi és Egészségfejlesztési Intézet Szeged 2016
Sorozat:Terep szemle
Kulcsszavak:Életmód - Magyarország - 21. sz., Egészségügy - Magyarország - 21. sz., Egészségfejlesztés, Egészségvédelem, Rekreáció, Felsőoktatás - egészségügyi - Magyarország
Tárgyszavak:
Online Access:http://acta.bibl.u-szeged.hu/53761
LEADER 01109nab a2200229 i 4500
001 acta53761
005 20260105153931.0
008 180319s2016 hu o 000 hun d
040 |a SZTE Egyetemi Kiadványok Repozitórium  |b hun 
041 |a hun 
100 1 |a Széchenyi Zsombor 
245 1 0 |a Terepgyakorlatom helyszíne  |h [elektronikus dokumentum] :  |b SOS Gyermekfalu, Bács-Kiskun megye, Kecskemét /  |c  Széchenyi Zsombor 
260 |a Szegedi Tudományegyetem Juhász Gyula Pedagógusképző Kar Alkalmazott Egészségtudományi és Egészségfejlesztési Intézet  |b Szeged  |c 2016 
300 |a 70-71 
490 0 |a Terep szemle 
650 4 |a Orvos- és egészségtudomány 
650 4 |a Egészségtudományok 
650 4 |a Társadalomtudományok 
650 4 |a Oktatástudomány 
695 |a Életmód - Magyarország - 21. sz., Egészségügy - Magyarország - 21. sz., Egészségfejlesztés, Egészségvédelem, Rekreáció, Felsőoktatás - egészségügyi - Magyarország 
700 0 2 |a Széchenyiné Forczek Anita 
856 4 0 |u http://acta.bibl.u-szeged.hu/53761/1/terep_szemle_2016_070-071.pdf  |z Dokumentum-elérés